عرض عادي
عرض مارك
- بونغ، فيرونيكا،
دخول Personal Name
001 - CONTROL NUMBER
- control field: 28729
003 - CONTROL NUMBER IDENTIFIER
- control field: AE-AdECS
005 - DATE AND TIME OF LATEST TRANSACTION
- control field: 20260417092814.0
008 - FIXED-LENGTH DATA ELEMENTS
- fixed length control field: 260417|| aca||aabn | a|a d
040 ## - CATALOGING SOURCE
- Original cataloging agency: AE-AdECS
- Transcribing agency: AE-AdECS
100 ## - HEADING--PERSONAL NAME
- Personal name: بونغ، فيرونيكا،
670 ## - SOURCE DATA FOUND
- Source citation: Work cat.: (AE-AdECS)294725: كوتلر، فيليب، مؤلف. 28726, التسويق :
